| 000 | 01515nam a2200325 i 4500 | ||
|---|---|---|---|
| 003 | EG-GICUC | ||
| 005 | 20260121101158.0 | ||
| 008 | 251109s1977 ua ||||f |||| 00| 0 ara d | ||
| 040 |
_a EG-GICUC _bara _c EG-GICUC _d EG-GICUC _erda |
||
| 041 | _aara | ||
| 082 | 0 | 4 |
_221 _a345 _bم ا . ق |
| 092 | 0 | 4 | _221 |
| 099 | _alaw1 07 345 م ا . ق 1 ed - 1977 | ||
| 100 | 0 |
_aماجد راغب الحلو _eمؤلف. |
|
| 245 |
_aالقانون الأداري \ _cدكتور ماجد راغب الحلو |
||
| 250 | _aالطبعة الاولي | ||
| 264 |
_aالقاهرة : _bدار الكتب للطباعة و النشر ة التوزيع , _c1977. |
||
| 300 |
_a218 صفحة _c24 سم |
||
| 336 |
_2rda content _atext |
||
| 337 |
_2rda media _aComputer |
||
| 338 |
_2rda carrier _aOnline Resource |
||
| 500 | _aالمرافق العامة - الضبط الاداري-الاعمال المادية للادارة . القرار الاداري-العقد الاداري-السلطة التقديرية للادارة حق التنفيذ المباشر- الاستيلاء على العقارات - رقابة المشروعية | ||
| 504 | _aيشتمل علي ارجاعات ببليوجرافية | ||
| 546 | _aالنص أغلبه باللغة العربية بعض النصوص الإنجليزية والفرنسية | ||
| 650 | 1 |
_aالقانون الإداري _2qrmak |
|
| 651 | 1 | _2qrmak | |
| 856 | 4 | 0 | _uhttps://fll.law.cu.edu.eg/fulltext/bks/B07-00631.pdf |
| 905 | _a74 | ||
| 942 |
_2ddc _n0 _cBK _e21 |
||
| 999 |
_c41821 _d41821 |
||